00492nam a2200169Ia 4500082001200000100002100012245007400033250002500107260000900132300000800141504003900149650003000188650002800218650002800246650002500274710002300299 aTS.0930 aSrinivas, Gurram 0aIdeology and identity: a study of the dalit middle class in Hyderabad aUniversity of Hydera c2004 a238 aincludes annexure and bibliography aSocial classesvHyderabad aMiddle classvHyderabad aUntouchablesvHyderabad aDalitsvMiddle class aVijayatilakam, K J